ბათუმის შოთა რუსთაველის სახელმწიფო უნივერსიტეტის ბიბლიოთეკა

ფეიჰოიას (Feijoa ssllowiana Berg) დასავლეთ საქართველოში გავრცელებული ჯიშებისა და ფორმირების მრავალფეროვნება და მამრობითი თვითსტერილობის დაძლევის გენეტიკური თავისებურებანი / (ბიბ.ჩანაწერი № 52861)

000 -ლიდერი
ფიქსირებული სიგრძის საკონტროლო ველი 01672nam a2200253Ia 4500
001 - საკონტროლო ნომერი
საკონტროლო ველი 19891
003 - საკონტროლო ნომრის იდენტიფიკატორი
საკონტროლო ველი GE_BSU
005 - ბოლო ოპერაციის თარიღი და დრო
საკონტროლო ველი 20210330122726.0
008 - ფიქსირებული სიგრძის მონაცემთა ელემენტები - ზოგადი ინფორმაცია
ფიქსირებული სიგრძის საკონტროლო ველი 181216s2016||||ge |||||||||||||| ||geo||
040 ## - კატალოგიზაციის წყარო
Transcribing agency GE_BSU
041 ## - ენის კოდი
Language code of text/sound track or separate title geo
080 ## - უნივერსალური ათობითი კლასიფიკაციის ინდექსი
Universal Decimal Classification number 57 ქ-35
100 ## - მთავარი ჩანაწერი - პიროვნების სახელი
Personal name ქედელიძე, ნინო
9 (RLIN) 10835
245 ## - ცნობა სათაურის შესახებ
Title ფეიჰოიას (Feijoa ssllowiana Berg) დასავლეთ საქართველოში გავრცელებული ჯიშებისა და ფორმირების მრავალფეროვნება და მამრობითი თვითსტერილობის დაძლევის გენეტიკური თავისებურებანი /
Statement of responsibility, etc ნინო ქედელიძე; სამეცნიერო ხელმძღვანლები დავით ბარათაშვილი; მაია ვანიძე; ბსუ, ბიოლოგიის დეპარტამენტი.
264 ## - წარმოების, გამოცემის, დისტრიბუციის და სხვა ცნობები
გამოცემის, წარმოების, დისტრიბუციის... ადგილი ბათუმი,
გამოცემის, წარმოების, დისტრიბუციის... თარიღი 2016.
300 ## - ფიზიკური აღწერა
Extent 131 გვ.;
Other physical details ილ.,
Dimensions 30 სმ.
653 ## - INDEX TERM--UNCONTROLLED
Uncontrolled term ბიოლოგია
653 ## - INDEX TERM--UNCONTROLLED
Uncontrolled term დისერტაცია
653 ## - INDEX TERM--UNCONTROLLED
Uncontrolled term მცენარეთა გენეტიკა;
700 ## - ADDED ENTRY--PERSONAL NAME
Personal name ბარათაშვილი,დავით
Relator term სამეცნიერო ხელმძღვანელი
9 (RLIN) 10836
700 ## - ADDED ENTRY--PERSONAL NAME
Personal name ვანიძე, მაია
Relator term სამეცნიერო ხელმძღვანელი
9 (RLIN) 2896
710 ## - ADDED ENTRY--CORPORATE NAME
Corporate name or jurisdiction name as entry element ბსუ
Subordinate unit ბიოლოგიის დეპარტამენტი
9 (RLIN) 10834
942 ## - ADDED ENTRY ELEMENTS (KOHA)
Koha item type წიგნი
Source of classification or shelving scheme
ეგზემპლარები
ჩამოწერის სტატუსი დაკარგული ეგზემპლარის სტატუსი კლასიფიკაციის წყარო ან თაროზე გაწყობის სქემა დაზიანების სტატუსი არ გაიცემა მუდმივი მდებარეობა (დაცვის ადგილი) ამჟამინდელი ადგილსამყოფელი თაროზე განთავსების ადგილი შეძენის თარიღი სრული შენახვის შიფრი შტრიხკოდი ბოლო ოპერაციის თარიღი ეგზემპლარის მიმდევრობითი ნომერი (კეტერი?) ფასის ძალაში შესვლის თარიღი ეგზემპლარის სახეობა
          ბათუმის შოთა რუსთაველის სახელმწიფო უნივერსიტეტის მთავარი ბიბლიოთეკა ბათუმის შოთა რუსთაველის სახელმწიფო უნივერსიტეტის მთავარი ბიბლიოთეკა წიგნსაცავი 2018-12-17 57 ქ-35 269 დისერტაცია 2018-12-17 269 2018-12-17 დისერტაცია